Kannst du diese Radiohead Songs an Emojis erkennen? #3 - Statistiken

Allgemein
  • Dieses Quiz wurde 5 mal gespielt
  • Das Durchschnittsergebnis liegt bei 6 aus 12
Antwortstatistiken
Hint Antwort % Korrekt
🦴🦴🦴 Bones
100%
👨➡️🎸🎶 Anyone can play guitar
60%
👶🅰️ Kid A
60%
⤵️😭 Let down
60%
😱🤖 Paranoid Android
60%
🥕🌽🥦🥬 Vegetable
60%
🤔🐠🐟 Weird Fishes/ Arpeggi
60%
🪟👁️👁️ Glass eyes
40%
🏹🐻 Hunting bears
40%
(👍😴💭) (Nice Dream)
40%
🔺🎵 Pyramid song
40%
🛗⬆️ Lift
20%
Keine übereinstimmenden Quizze gefunden
Verteilung der Resultate
Anzahl Personen mit jedem Resultat
Perzentil nach korrekt beantworteten Fragen
Ihre Resultats-Entwicklung
Sie haben dieses Quiz noch nicht gespielt